000 00316nam a2200121Ia 4500
005 20260328104332.0
008 260328s9999||||xx |||||||||||||| ||und||
100 _aKalach, Alberto
245 0 _aCroquis, los Dibujos de Carlos Mijares /
_cAlberto Kalach
260 _bConaculta
650 _aARQUITECTOS
942 _cBK
999 _c11765
_d11765